000 00388nam a22001577a 4500
005 20251108172353.0
008 250721s1977 xx 000 0 eng d
082 1 4 _aJ/F/BEA
100 1 _aBeachcroft, Nine
245 1 2 _aA Visit to Folly Castle /
264 1 _aLondon :
_bA dragon book & Granad,
_c1977.
300 _a127 p.
650 1 7 _aFiction
942 _2ddc
_cBK
999 _c77480
_d77480